|
|
|
|
| LEADER |
02141nam a22004577a 4500 |
| 001 |
45251 |
| 003 |
BD-DhAAL |
| 005 |
20260111125329.0 |
| 008 |
260108t1991 bg a|||| |||| 00| 0 eng d |
| 040 |
|
|
|a BD-DhAAL
|d BD-DhAAL
|
| 082 |
|
|
|a 362.1095492
|2 23
|
| 245 |
|
|
|a AMR Chowdhury /
|n Volume III,
|g 1978-1999 /
|c A. Mushtaque R. Chowdhury... [et.al].
|
| 260 |
|
|
|a Dhaka :
|b AMR Chowdhury publication,
|
| 300 |
|
|
|a 907 pages :
|b illustrations ;
|c 29 cm
|
| 541 |
|
|
|a Complimentary copy from Dr. Ahmed Mushtaque Raza Chowdhury (Former Vice Chairperson of BRAC)
|e 45251
|
| 650 |
|
|
|a Public health
|z Bangladesh
|x History.
|9 58108
|
| 650 |
|
|
|a Health facilities
|z Bangladesh
|x History.
|9 58123
|
| 650 |
|
|
|a Medicine
|z Bangladesh
|x History.
|9 58107
|
| 650 |
|
|
|a Medicine
|x History.
|9 58109
|
| 650 |
|
|
|a Health education
|z Bangladesh.
|
| 650 |
|
|
|a Social science.
|
| 700 |
|
|
|a Chowdhury, A. M. Raza.
|
| 700 |
|
|
|a Khan, Suhaila H.
|9 14328
|
| 700 |
|
|
|a Karim, Fazlul.
|9 16128
|
| 700 |
|
|
|a Barua, Milon Kanti.
|9 60126
|
| 700 |
|
|
|a Bhuiya, Abbas.
|
| 700 |
|
|
|a Aziz, K. M. A.
|9 60127
|
| 700 |
|
|
|a Ahmed, Hasan Shareef.
|
| 700 |
|
|
|a Khan, M. Shamsul Islam.
|9 60128
|
| 700 |
|
|
|a Ullah, A. K. M. Ahsan.
|9 60129
|
| 700 |
|
|
|a Kabir, Zarina Nahar.
|9 60130
|
| 700 |
|
|
|a Shahaduzzsaman.
|9 60131
|
| 700 |
|
|
|a Ahmed, Syed Masud.
|
| 700 |
|
|
|a Abed, Fazle Hasan.
|
| 700 |
|
|
|a Vaughen, J Patrick.
|9 60132
|
| 700 |
|
|
|a Chowdhury, Sadia.
|9 17152
|
| 700 |
|
|
|a Adams, Alayne.
|9 15764
|
| 856 |
|
|
|z Full text available on BRAC University Institutional Repository
|u https://dspace.bracu.ac.bd/xmlui/handle/10361/13278
|
| 942 |
|
|
|2 ddc
|c BK
|
| 999 |
|
|
|c 47700
|d 47700
|
| 952 |
|
|
|0 0
|1 0
|2 ddc
|4 0
|6 362_109549200000000_AMR
|7 1
|9 78662
|a BRACUL
|b BRACUL
|c AMRC
|d 2026-01-11
|e Complimentary copy from Dr. Ahmed Mushtaque Raza Chowdhury (Former Vice Chairperson of BRAC)
|l 0
|o 362.1095492 AMR
|p 3010045251
|r 2026-01-11
|t 1
|w 2026-01-11
|y BK
|x Complimentary copy received from Dr. Ahmed Mushtaque Raza Chowdhury (Former Vice Chairperson of BRAC) on 22/12/ 2025;The University Librarian instructed to process the photocopy of the book because the author is the copyright recipient.
|